LEADER 02328nam0 2200421 i 450 001 BVEE036476 005 20170908093218.0 012 $am-e- A.n: t.s: AnEg (3) 1617 (R)$2fei 100 $a20101227d1617 ||||0itac50 ba 101 | $alat 102 $abe 181 1$6z01$ai $bxxxe 182 1$6z01$an 200 1 $aDe prima scribendi origine et vniuersa rei literariae antiquitate, ad reuerendum patrem Carolum Scribani Soc. Iesu ... scribebat Hermannus Hugo eiusdem Societatis 210 $aAntuerpiae$cex Officina Plantiniana, apud Balthasarem & Ioannem Moretos$d1617 215 $a227, \5! p.$d8º 300 $aMarca non controllata (mano con compasso: labore et constantia) in fine 300 $aSegn.: A-O⁸ P⁴ 300 $aL'ultima c. bianca 300 $aEmblema calcogr. dei Gesuiti sul front. 316 $a1 esemplare. - Marca in fine. - Emblema calcogr. dei Gesuiti sul front. - Timbro ovale BUS sul v. del front.e in fine.$5IT-NA0070, RARI 0449 620 $aBE$dAnversa$3UBOL000154 700 1$aHugo$b, Herman$f <1588-1629>$3BVEV032987$4070$0214820 712 02$aOfficina Plantiniana$c $3BVEV018026$4650 712 02$aMoretus Balthasar$c <1> & Moretus, Jean <2>$3UBOV122058$4650 790 1$aHugone$b, Hermanno$3BVEV077158$zHugo, Herman <1588-1629> 791 02$aPlantiinsche Druckeriie$c $3BVEV098550$zOfficina Plantiniana 791 02$aImprimerie plantinienne$c $3SBNV005219$zOfficina Plantiniana 791 02$aTypographia Plantiniana$c $3UBOV397367$zOfficina Plantiniana 791 02$aMoretus, Jean <2> & Moretus, Balthasar <1>$3UBOV122059$zMoretus Balthasar <1> & Moretus, Jean <2> 801 3$aIT$bIT-NA0079$c20101227 850 $aIT-NA0070 912 $aBVEE036476 921 $aSBNM000001$bMarca non controllata$cS2$dIn fine. 950 0$aBiblioteca Universitaria$d BURARI 0449$e BUSI 0000194885 B 1 esemplare. - Marca in fine. - Emblema calcogr. dei Gesuiti sul front. - Timbro ovale BUS sul v. del front.e in fine.$fZ $h20101227$i20101227 977 $a BU 996 $aDe prima scribendi origine et vniuersa rei literariae antiquitate, ad reuerendum patrem Carolum Scribani Soc. Iesu ... scribebat Hermannus Hugo eiusdem Societatis$91481186 997 $aUNISANNIO